[Event "35th Zalakaros Open 2016"]
[Site "Zalakaros HUN"]
[Date "2016.05.28"]
[Round "2.55"]
[White "Nemec, Vjekoslav"]
[Black "Kozak, Adam"]
[Result "1/2-1/2"]
[BlackTitle "FM"]
[WhiteElo "2175"]
[BlackElo "2347"]
[WhiteFideId "14540274"]
[BlackFideId "753246"]
[EventDate "2016.05.27"]

1. c4 c5 2. Nc3 Nc6 3. Nf3 g6 4. g3 Bg7 5. Bg2 e5 6. O-O Nge7 7. a3 O-O 8. b4 d5
9. bxc5 dxc4 10. Rb1 Rb8 11. Qa4 Na5 12. Ne4 Bf5 13. Ne1 Bd7 14. Qc2 b5 15. d3
Nf5 16. e3 Be6 17. Bb2 Qc7 18. dxc4 bxc4 19. Nf3 h6 20. Nfd2 Rfc8 21. Bc3 Nb7
22. c6 Nd8 1/2-1/2

[Event "35th Zalakaros Open 2016"]
[Site "Zalakaros HUN"]
[Date "2016.05.28"]
[Round "2.56"]
[White "Laza, Szabolcs"]
[Black "Plichta, Kamil"]
[Result "1/2-1/2"]
[BlackTitle "FM"]
[WhiteElo "2168"]
[BlackElo "2336"]
[WhiteFideId "741345"]
[BlackFideId "1141830"]
[EventDate "2016.05.27"]

1. d4 Nf6 2. c4 g6 3. Nc3 Bg7 4. e4 O-O 5. f4 d6 6. Nf3 Na6 7. Be2 e5 8. fxe5
dxe5 9. Nxe5 c5 10. Be3 Qe7 11. O-O cxd4 12. Bxd4 Nc5 13. Ng4 Nxg4 14. Bxg7 Qg5
15. Bxg4 Bxg4 16. Qd4 Ne6 17. Bf6 Nxd4 18. Bxg5 Ne2+ 19. Nxe2 Bxe2 20. Rf2 Bxc4
21. e5 Rac8 22. a3 Be6 23. Rc1 Rxc1+ 24. Bxc1 Rd8 25. Bh6 b5 26. Rd2 Re8 27. Bg5
Kf8 28. Bh6+ Kg8 29. Bg5 Bf5 30. Rd8 Rxd8 31. Bxd8 Kf8 32. Kf2 Ke8 33. Ba5 Kd7
34. Ke3 h5 35. Kd4 Kc6 36. g3 1/2-1/2

[Event "35th Zalakaros Open 2016"]
[Site "Zalakaros HUN"]
[Date "2016.05.29"]
[Round "3.1"]
[White "Andersen, Mads"]
[Black "Berkes, Ferenc"]
[Result "1/2-1/2"]
[WhiteTitle "GM"]
[BlackTitle "GM"]
[WhiteElo "2505"]
[BlackElo "2636"]
[WhiteFideId "1413864"]
[BlackFideId "718572"]
[EventDate "2016.05.27"]

1. e4 Nf6 2. e5 Nd5 3. d4 d6 4. Nf3 dxe5 5. Nxe5 c6 6. Be2 Bf5 7. O-O Nd7 8. Nf3
e6 9. c4 N5f6 10. Nc3 Bd6 11. Re1 O-O 12. h3 Re8 13. Nh4 Qc7 14. Bf1 Bg6 15.
Nxg6 hxg6 16. Qf3 e5 17. d5 Nc5 18. Be3 a5 19. Qd1 Rad8 20. Qc2 Qe7 21. Rad1 e4
22. dxc6 Qe5 23. g3 bxc6 24. Bd4 Qf5 25. Re3 Bc7 26. Bg2 Bb6 27. Re2 Kh7 28. Be3
Rxd1+ 29. Qxd1 Bc7 1/2-1/2

[Event "35th Zalakaros Open 2016"]
[Site "Zalakaros HUN"]
[Date "2016.05.29"]
[Round "3.2"]
[White "Vajda, Levente"]
[Black "Narayanan, Srinath"]
[Result "1-0"]
[WhiteTitle "GM"]
[BlackTitle "IM"]
[WhiteElo "2581"]
[BlackElo "2469"]
[WhiteFideId "1203975"]
[BlackFideId "5018420"]
[EventDate "2016.05.27"]

1. Nf3 c5 2. g3 Nc6 3. Bg2 g6 4. O-O Bg7 5. c3 e5 6. e4 Nge7 7. d3 d6 8. a3 O-O
9. b4 h6 10. Nbd2 a6 11. Rb1 b5 12. bxc5 dxc5 13. Nb3 c4 14. dxc4 bxc4 15. Qxd8
Rxd8 16. Nc5 Na5 17. Be3 Nec6 18. Rfd1 Rxd1+ 19. Rxd1 Bf8 20. Rd5 Be6 21. Nxe6
fxe6 22. Rd7 Bxa3 23. Bh3 Re8 24. Bxh6 Bb2 25. Rg7+ Kh8 26. Ng5 Nd8 27. Nh7 1-0

[Event "35th Zalakaros Open 2016"]
[Site "Zalakaros HUN"]
[Date "2016.05.29"]
[Round "3.3"]
[White "Aryan, Chopra"]
[Black "Erdos, Viktor"]
[Result "1-0"]
[WhiteTitle "IM"]
[BlackTitle "GM"]
[WhiteElo "2459"]
[BlackElo "2577"]
[WhiteFideId "5084423"]
[BlackFideId "719978"]
[EventDate "2016.05.27"]

1. e4 e5 2. Nf3 Nc6 3. Bb5 a6 4. Ba4 Nf6 5. O-O Be7 6. Re1 b5 7. Bb3 d6 8. c3
O-O 9. h3 Na5 10. Bc2 c5 11. d4 Nd7 12. Nbd2 exd4 13. cxd4 Re8 14. Nf1 Bb7 15.
Ne3 cxd4 16. Nf5 Bf8 17. N3xd4 Ne5 18. b3 Rc8 19. Bb2 g6 20. Ne3 Nd7 21. Nd5
Bxd5 22. exd5 Rxe1+ 23. Qxe1 Bg7 24. Qd2 Qb6 25. Bf5 Rd8 26. Bxd7 Rxd7 27. Re1
Qd8 28. Bc3 Nb7 29. Nc6 Qf8 30. Bxg7 Kxg7 31. Qc3+ f6 32. Nd4 Nd8 33. Qc8 Re7
34. Rc1 Qe8 35. Kf1 Kh6 36. Nc6 Nxc6 37. Qxe8 Rxe8 38. Rxc6 Kg5 39. Rxa6 Kf5 40.
Rxd6 Ra8 41. Rb6 Rxa2 42. Kg1 Ra5 43. b4 Ra1+ 44. Kh2 Rd1 45. Rxb5 Ke5 46. Kg3
Rd3+ 47. f3 Rd4 48. h4 h6 49. Kh3 g5 50. hxg5 hxg5 51. Kg3 Rd2 52. Rc5 Rd4 53.
Rb5 Rd2 54. Kh3 Rd4 55. g3 Rd3 56. Kg4 f5+ 57. Kxg5 Rxf3 58. Kh4 Rd3 59. d6+ Ke6
60. Rb6 Rd4+ 61. Kh3 Rd2 62. b5 Rd3 63. Kg2 Rb3 64. Rb8 Kxd6 65. b6 Kc6 66. Rf8
Kxb6 67. Rb8+ 1-0

[Event "35th Zalakaros Open 2016"]
[Site "Zalakaros HUN"]
[Date "2016.05.29"]
[Round "3.4"]
[White "Puranik, Abhimanyu"]
[Black "Svane, Rasmus"]
[Result "1/2-1/2"]
[WhiteTitle "IM"]
[BlackTitle "IM"]
[WhiteElo "2452"]
[BlackElo "2526"]
[WhiteFideId "5061245"]
[BlackFideId "4657101"]
[EventDate "2016.05.27"]

1. e4 c6 2. d4 d5 3. Nd2 dxe4 4. Nxe4 Bf5 5. Ng3 Bg6 6. h4 h6 7. Nf3 Nd7 8. h5
Bh7 9. Bd3 Bxd3 10. Qxd3 e6 11. Bd2 Ngf6 12. O-O-O Be7 13. Kb1 O-O 14. Ne4 Nxe4
15. Qxe4 Nf6 16. Qe2 Qd5 17. Be3 Qb5 18. c4 Qf5+ 19. Ka1 c5 20. Nh4 Qh7 21. d5
exd5 22. cxd5 Rad8 23. Bxh6 Rfe8 24. Bg5 Qe4 25. Qxe4 Nxe4 26. Be3 Bf6 27. Kb1
Re5 28. g4 Rexd5 29. Rxd5 Rxd5 30. Kc2 c4 31. Nf3 Rd3 32. Ne1 Rd5 33. Nf3 Ra5
34. a3 Rb5 35. Nd4 Rd5 36. Ne2 a5 37. Re1 b5 38. f3 Nc5 39. Bxc5 Rxc5 40. Nc3
Be5 41. Rd1 Bxc3 42. Kxc3 Re5 43. a4 bxa4 44. Kxc4 Re2 45. Kc3 Rf2 46. Rd3 f6
47. b4 axb3 48. Kxb3 Kh7 49. Ka4 Ra2+ 50. Kb3 Re2 51. Ka4 Re5 52. Rc3 Rd5 53.
Rc4 Kh6 54. Rc3 Re5 55. Rc4 Rd5 56. Rc3 Rd4+ 57. Kxa5 Rf4 58. Kb5 f5 59. Rc6+
Kh7 60. g5 Rxf3 61. h6 Rg3 62. Kc4 Rxg5 63. hxg7 Kxg7 64. Kd4 Rg6 65. Rxg6+ Kxg6
66. Ke3 Kg5 67. Kf3 f4 68. Kf2 Kg4 69. Kg2 f3+ 70. Kf2 Kf4 71. Kf1 Ke3 72. Ke1
f2+ 73. Kf1 Kf3 1/2-1/2

[Event "35th Zalakaros Open 2016"]
[Site "Zalakaros HUN"]
[Date "2016.05.29"]
[Round "3.5"]
[White "Rakhmanov, Aleksandr"]
[Black "Dragnev, Valentin"]
[Result "1-0"]
[WhiteTitle "GM"]
[BlackTitle "IM"]
[WhiteElo "2654"]
[BlackElo "2423"]
[WhiteFideId "4173708"]
[BlackFideId "1634852"]
[EventDate "2016.05.27"]

1. c4 c5 2. Nf3 Nc6 3. Nc3 g6 4. e3 Nf6 5. d4 cxd4 6. exd4 d5 7. Bg5 Be6 8. Bxf6
exf6 9. c5 Bg7 10. Bb5 O-O 11. O-O g5 12. Ne2 f5 13. Bxc6 bxc6 14. Ne5 Qc7 15.
f4 g4 16. Ng3 f6 17. Nd3 Qf7 18. Re1 Bd7 19. Qc2 Rfe8 20. Rxe8+ Rxe8 21. Re1 h5
22. Rxe8+ Qxe8 23. Qe2 Qf7 24. Qe1 Bc8 25. Nb4 Bd7 26. Nf1 Bh6 27. g3 h4 28. Nd2
Qf8 29. Nxc6 Bxc6 30. Qe6+ Kg7 31. Qxc6 Qe7 32. Kf2 hxg3+ 33. hxg3 Bxf4 34. gxf4
g3+ 35. Kxg3 Qe1+ 36. Kf3 Qxd2 37. Qd7+ Kh6 38. Qe7 Qxd4 39. b3 Kg6 40. Qe8+ Kg7
41. Qe7+ Kg6 42. Ke2 Qc3 43. Qe8+ Kh6 44. Qh8+ Kg6 45. Qg8+ Kh6 46. Qxd5 Qc2+
47. Ke3 Qc3+ 48. Qd3 Qxc5+ 49. Qd4 Qe7+ 50. Kd3 Kg6 51. a4 Qb7 52. Kc3 Qf3+ 53.
Kc4 Qc6+ 54. Kb4 Qb7+ 55. Kc3 Qf3+ 56. Kb4 Qb7+ 57. Ka3 Qc7 58. Kb2 Qb8 59. b4
Qb7 60. b5 Qf3 61. Qc4 Kh5 62. a5 Kg4 63. a6 Qe3 64. Qb4 Qe2+ 65. Ka3 Qd3+ 66.
Kb2 Qe2+ 67. Ka3 Qd3+ 68. Qb3 Qd6+ 69. Ka4 Qxf4+ 70. Qb4 Qxb4+ 71. Kxb4 f4 72.
b6 f3 73. bxa7 f2 74. a8=Q f1=Q 75. Qe4+ Kh3 76. a7 f5 77. Qe3+ Kh2 78. Qd2+ Kg1
79. Qg5+ Kh2 80. Qh4+ Kg1 81. Qg3+ 1-0

[Event "35th Zalakaros Open 2016"]
[Site "Zalakaros HUN"]
[Date "2016.05.29"]
[Round "3.6"]
[White "Butkiewicz, Lukasz"]
[Black "Ivanisevic, Ivan"]
[Result "0-1"]
[WhiteTitle "IM"]
[BlackTitle "GM"]
[WhiteElo "2429"]
[BlackElo "2646"]
[WhiteFideId "1122428"]
[BlackFideId "912417"]
[EventDate "2016.05.27"]

1. e4 e5 2. Nf3 Nc6 3. d4 exd4 4. Nxd4 Nf6 5. Nc3 Bc5 6. Be3 Bb6 7. Nxc6 dxc6 8.
Qxd8+ Kxd8 9. O-O-O+ Ke7 10. Bxb6 axb6 11. f3 b5 12. a3 Be6 13. Bd3 h5 14. Rhe1
h4 15. Bf1 g5 16. Kb1 Rad8 17. Rxd8 Rxd8 18. Kc1 Nd7 19. Nd5+ Kd6 20. Ne3 Ke5
21. g3 hxg3 22. hxg3 Nf6 23. Bd3 Rh8 24. Rg1 Rh2 25. c3 Nh5 26. Nf1 Rf2 27. Nd2
Nxg3 28. Rxg3 Kf4 29. Rg1 Ke3 30. Bc2 Rxd2 31. Rxg5 Rf2 32. b4 Rxf3 33. Rg8 Rf1+
34. Kb2 Rf2 35. Rd8 Bc4 36. Kc1 Rf1+ 37. Kb2 Be6 38. Rh8 Rg1 39. Rd8 b6 40. Rh8
Rg5 41. Rb8 Rg7 42. Rh8 Bg4 43. Re8 c5 44. bxc5 bxc5 45. a4 bxa4 46. Bxa4 Bf3
47. Bc2 Rg2 48. Kc1 Be2 49. e5 Bd3 50. Ba4 Rg1+ 51. Kb2 Rb1+ 52. Ka2 Rb6 53. Re7
Kd2 54. Rxc7 Ra6 55. Kb3 Bc2+ 56. Kc4 Rxa4+ 57. Kxc5 Bb3 58. Kb5 Re4 59. Rc5 Kd3
60. Kb6 Be6 0-1

[Event "35th Zalakaros Open 2016"]
[Site "Zalakaros HUN"]
[Date "2016.05.29"]
[Round "3.7"]
[White "Gazik, Viktor"]
[Black "Romanov, Evgeny"]
[Result "0-1"]
[WhiteTitle "FM"]
[BlackTitle "GM"]
[WhiteElo "2433"]
[BlackElo "2641"]
[WhiteFideId "14928752"]
[BlackFideId "4148843"]
[EventDate "2016.05.27"]

1. c4 e5 2. Nc3 Bb4 3. Nd5 Bc5 4. Nf3 c6 5. Nc3 d6 6. e3 Bb4 7. Qc2 f5 8. a3 Ba5
9. d4 e4 10. Nd2 Nf6 11. Be2 O-O 12. b4 Bc7 13. Bb2 d5 14. b5 f4 15. Nf1 Bg4 16.
bxc6 bxc6 17. exf4 Bxf4 18. Bc1 Bxe2 19. Qxe2 Qa5 20. Bd2 Bxd2+ 21. Qxd2 Ng4 22.
Nd1 Qxd2+ 23. Nxd2 Nd7 24. Ke2 Rae8 25. cxd5 cxd5 26. Nf1 Rb8 27. h3 Ngf6 28.
Nfe3 Rfc8 29. Ra2 Nf8 30. Nb2 Ne6 31. Rd1 Rb3 32. Na4 Kf7 33. g3 Rc6 34. Rb2
Rxa3 35. Rb7+ Kg6 36. Rxa7 Ng5 37. h4 Nf3 38. h5+ Nxh5 39. Ra5 Ra2+ 40. Kf1 Nf6
41. Kg2 h5 42. Rc5 Rxc5 43. Nxc5 Ng4 44. Nxg4 hxg4 45. Kf1 Kf5 46. Nb7 Rb2 47.
Nc5 Rb4 48. Ke2 Nxd4+ 49. Ke3 Nc2+ 50. Kd2 Na3 51. Ke2 d4 52. Ra1 Nc4 53. Rd1
Rb5 54. Na4 Ra5 0-1

[Event "35th Zalakaros Open 2016"]
[Site "Zalakaros HUN"]
[Date "2016.05.29"]
[Round "3.8"]
[White "Onischuk, Vladimir"]
[Black "Csonka, Balazs"]
[Result "1-0"]
[WhiteTitle "GM"]
[BlackTitle "FM"]
[WhiteElo "2628"]
[BlackElo "2400"]
[WhiteFideId "14114038"]
[BlackFideId "742910"]
[EventDate "2016.05.27"]

1. e4 e5 2. Nf3 Nf6 3. Nxe5 d6 4. Nf3 Nxe4 5. Qe2 Qe7 6. d3 Nf6 7. Bg5 Nbd7 8.
Nc3 Qxe2+ 9. Bxe2 h6 10. Bd2 c6 11. O-O-O d5 12. Rde1 Bd6 13. Bd1+ Kf8 14. h3 g6
15. d4 Bc7 16. g4 Kg7 17. Ne5 Bb6 18. Nf3 Bc7 19. Be3 Re8 20. Ne2 Ne4 21. c3 f6
22. Nd2 Nxd2 23. Kxd2 Nf8 24. f4 Bd7 25. Bc2 Re7 26. f5 Rae8 27. Bf2 Nh7 28. h4
g5 29. h5 Nf8 30. Rh3 Bc8 31. Re3 Rxe3 32. Bxe3 Nd7 33. b3 Bd6 34. Nc1 b6 35.
Bd1 a5 36. Bf3 Ba6 37. Nd3 Re7 38. a4 Bg3 39. Rb1 b5 40. axb5 Bxb5 41. Nb2 Nb6
42. Ra1 a4 43. bxa4 Bxa4 44. Rxa4 Nxa4 45. Nxa4 Ra7 46. Bd1 Kf7 47. Kd3 Bd6 48.
c4 dxc4+ 49. Kxc4 Re7 50. Kd3 Bf4 51. Bb3+ Ke8 52. Bf2 Bd6 53. Nc3 1-0

[Event "35th Zalakaros Open 2016"]
[Site "Zalakaros HUN"]
[Date "2016.05.29"]
[Round "3.9"]
[White "Nasuta, Grzegorz"]
[Black "Banusz, Tamas"]
[Result "0-1"]
[WhiteTitle "IM"]
[BlackTitle "GM"]
[WhiteElo "2413"]
[BlackElo "2621"]
[WhiteFideId "1141686"]
[BlackFideId "722413"]
[EventDate "2016.05.27"]

1. e4 e5 2. Nf3 Nc6 3. Bb5 a6 4. Ba4 Nf6 5. O-O Be7 6. Re1 b5 7. Bb3 d6 8. c3
O-O 9. h3 Na5 10. Bc2 c5 11. d4 Qc7 12. Nbd2 Bd7 13. Nf1 Nc4 14. d5 Nb6 15. Ng3
Rfc8 16. Qe2 Ne8 17. Nh2 Qd8 18. f4 exf4 19. Bxf4 Bg5 20. Bxg5 Qxg5 21. Qf2 Nc4
22. Nf3 Qf4 23. e5 Nxe5 24. Nxe5 dxe5 25. Qxf4 exf4 26. Nh5 Nd6 27. Nxf4 g6 28.
Kf2 Kf8 29. Re2 Rab8 30. b3 a5 31. g4 Ra8 32. Re3 Ra7 33. Kg3 Re8 34. Rxe8+ Bxe8
35. Rf1 Ke7 36. Re1+ Kd8 37. Kf3 c4 38. Ke3 Re7+ 39. Kd2 Rxe1 40. Kxe1 Ke7 41.
g5 f6 42. h4 fxg5 43. hxg5 Nf7 44. bxc4 bxc4 45. Nxg6+ hxg6 46. Bxg6 Nxg5 47.
Bxe8 Kxe8 48. Kd2 Kd7 49. Ke3 Kc7 50. Kd4 Kb6 51. Kxc4 Nf7 52. Kd4 Nd6 53. Ke5
Kc5 54. Ke6 a4 55. Ke5 a3 56. Ke6 Nc4 57. Kf5 Kxd5 58. Kf4 Nb6 59. Ke3 Kc4 60.
Kd2 Na4 0-1

[Event "35th Zalakaros Open 2016"]
[Site "Zalakaros HUN"]
[Date "2016.05.29"]
[Round "3.10"]
[White "Papp, Gabor1"]
[Black "Nitin, S."]
[Result "1/2-1/2"]
[WhiteTitle "GM"]
[BlackTitle "IM"]
[WhiteElo "2596"]
[BlackElo "2377"]
[WhiteFideId "718602"]
[BlackFideId "5018277"]
[EventDate "2016.05.27"]

1. e4 c5 2. Nf3 d6 3. d4 cxd4 4. Nxd4 Nf6 5. Nc3 a6 6. Bg5 e6 7. f4 Nbd7 8. Qe2
Qc7 9. O-O-O b5 10. a3 Be7 11. g4 Bb7 12. Bh4 h6 13. Bg2 Nb6 14. Kb1 Rb8 15. Be1
Qc4 16. Rd3 Nfd7 17. h4 g6 18. Nb3 Qc7 19. Bg3 Nc4 20. Re1 Bf6 21. e5 dxe5 22.
Bxb7 Qxb7 23. Ne4 Bg7 24. Red1 Ndb6 25. f5 exf5 26. gxf5 gxf5 27. Nd6+ Nxd6 28.
Rxd6 Qe4 1/2-1/2

[Event "35th Zalakaros Open 2016"]
[Site "Zalakaros HUN"]
[Date "2016.05.29"]
[Round "3.11"]
[White "Livaic, Leon"]
[Black "Prohaszka, Peter2"]
[Result "1/2-1/2"]
[WhiteTitle "FM"]
[BlackTitle "GM"]
[WhiteElo "2428"]
[BlackElo "2593"]
[WhiteFideId "14531534"]
[BlackFideId "726265"]
[EventDate "2016.05.27"]

1. d4 Nf6 2. c4 e6 3. Nf3 Bb4+ 4. Bd2 a5 5. g3 d6 6. Bg2 Nbd7 7. O-O e5 8. e3 c6
9. Bc1 e4 10. Ng5 d5 11. c5 h6 12. Nh3 a4 13. a3 Ba5 14. Qxa4 Nf8 15. b4 Bxh3
16. Bxh3 Bc7 17. Qd1 h5 18. f4 exf3 19. Qxf3 h4 20. g4 Ne6 21. Qf5 O-O 22. Nc3
Nh7 23. Qf2 Neg5 24. Kg2 Re8 25. Bd2 Re6 26. Kh1 Qe7 27. Bg2 Rf6 28. Qe2 h3 29.
Bf3 Rxf3 30. Rxf3 Nxf3 31. Qxf3 Ng5 32. Qe2 Ne4 33. Nxe4 Qxe4+ 34. Kg1 Bd8 35.
Rf1 Rxa3 36. Qf3 Qxf3 37. Rxf3 Ra2 38. Be1 Rg2+ 39. Kh1 Re2 40. Bf2 Rb2 41. Bg1
Rg2 42. Rxh3 Rxg4 43. Rf3 g6 44. Bf2 Re4 45. Kg2 Bg5 46. Rg3 Bh6 47. Kf3 Kg7 48.
Rg1 f5 49. h4 Kf6 50. Ra1 f4 51. exf4 Rxf4+ 52. Kg3 Re4 53. Kf3 Bd2 54. Rb1 Bc3
55. b5 Bxd4 56. Bxd4+ Rxd4 57. bxc6 bxc6 58. Rb6 Rxh4 59. Rxc6+ Kf5 60. Rd6 d4
61. Rd5+ Ke6 62. Rd6+ Ke5 63. Rxg6 Kd5 64. Ke2 Kxc5 65. Rg3 Kc4 66. Kd2 Rh2+ 67.
Kd1 Rb2 68. Rh3 Rb3 69. Rxb3 Kxb3 70. Kd2 Kc4 71. Kc2 d3+ 72. Kd2 Kd4 73. Kd1
Ke4 74. Kd2 Kd4 75. Kd1 Ke3 76. Ke1 d2+ 77. Kd1 Kd3 1/2-1/2

[Event "35th Zalakaros Open 2016"]
[Site "Zalakaros HUN"]
[Date "2016.05.29"]
[Round "3.12"]
[White "Medvegy, Zoltan"]
[Black "Mesaros, Florian"]
[Result "1-0"]
[WhiteTitle "GM"]
[BlackTitle "FM"]
[WhiteElo "2553"]
[BlackElo "2318"]
[WhiteFideId "708402"]
[BlackFideId "1629220"]
[EventDate "2016.05.27"]

1. d4 d5 2. c4 e6 3. Nc3 c6 4. e3 Nf6 5. Nf3 Nbd7 6. Qc2 Bd6 7. b3 O-O 8. Be2 b6
9. O-O Bb7 10. Bb2 Qe7 11. Rad1 Rad8 12. Rfe1 Rfe8 13. g3 c5 14. cxd5 Nxd5 15.
Nxd5 exd5 16. Nh4 g6 17. Nf3 Rc8 18. dxc5 bxc5 19. Bf1 c4 20. bxc4 dxc4 21. Qc3
f6 22. e4 Ne5 23. Qe3 Ng4 24. Qd2 Be5 25. Nxe5 Nxe5 26. Qc3 Red8 27. Rxd8+ Qxd8
28. Qe3 Qb6 29. Qxb6 axb6 30. Bxe5 fxe5 31. f3 b5 32. Rb1 c3 33. Bxb5 Bc6 34.
Bxc6 Rxc6 35. Rc1 Rd6 36. Rxc3 Rd1+ 37. Kg2 Rd2+ 38. Kh3 Rxa2 39. Rc5 Rf2 40.
Kg4 Rxh2 41. Rxe5 Kf7 42. Ra5 Kf6 43. Ra6+ Ke5 44. Ra5+ Kf6 45. Kf4 Rh1 46. Ra6+
Kf7 47. Ke5 Rh5+ 48. Kd6 Kf6 49. g4 Re5 50. Ra7 h5 51. gxh5 Rxh5 52. f4 g5 53.
e5+ Kg6 54. fxg5 Rh1 55. e6 Rd1+ 56. Ke7 Kg7 57. Ke8+ Kg8 58. e7 Rd2 59. Ra8 Kg7
60. Rd8 1-0

[Event "35th Zalakaros Open 2016"]
[Site "Zalakaros HUN"]
[Date "2016.05.29"]
[Round "3.13"]
[White "Karavade, Eesha"]
[Black "Szabo, Gergely-Andras-Gyula"]
[Result "1/2-1/2"]
[WhiteTitle "IM"]
[BlackTitle "GM"]
[WhiteElo "2409"]
[BlackElo "2548"]
[WhiteFideId "5012600"]
[BlackFideId "1205064"]
[EventDate "2016.05.27"]

1. Nf3 d5 2. c4 d4 3. g3 c5 4. Bg2 Nc6 5. O-O g6 6. e3 Bg7 7. exd4 cxd4 8. d3
Nf6 9. Na3 O-O 10. Nc2 a5 11. Rb1 Nd7 12. b3 Nc5 13. Ba3 Qb6 14. Bxc5 Qxc5 15.
a3 Qh5 1/2-1/2

[Event "35th Zalakaros Open 2016"]
[Site "Zalakaros HUN"]
[Date "2016.05.29"]
[Round "3.14"]
[White "Cebalo, Miso"]
[Black "Shyam, Sundar M."]
[Result "1/2-1/2"]
[WhiteTitle "GM"]
[BlackTitle "GM"]
[WhiteElo "2407"]
[BlackElo "2530"]
[WhiteFideId "14500094"]
[BlackFideId "5019141"]
[EventDate "2016.05.27"]

1. d4 Nf6 2. Bg5 d5 3. e3 c5 4. c3 Nc6 5. Nf3 Qb6 6. Qb3 c4 7. Qxb6 axb6 8. Nbd2
b5 9. Be2 e6 10. O-O b4 11. Bxf6 gxf6 12. e4 bxc3 13. bxc3 Ra3 14. Nb1 Ra5 15.
Nfd2 Bh6 16. a3 b5 17. Bf3 Ne7 18. Ra2 Bb7 19. Re1 Kd7 20. exd5 Nxd5 21. Ne4 Bc6
22. Nc5+ Kc7 23. Bh5 Rf8 24. g3 f5 25. f4 Nf6 26. Bd1 Ne4 27. Nxe4 fxe4 28. Kf2
Rfa8 29. Ke3 f5 30. g4 Bf8 31. gxf5 exf5 32. Rg1 Bxa3 33. Rg7+ Kb6 34. Rc2 R5a7
35. Rg5 Rf8 36. Bh5 Bd6 37. Rb2 Bd5 38. Bg4 Bxf4+ 39. Kxf4 fxg4+ 40. Kxg4 Kc6
41. Nd2 e3 42. Rxd5 Rg7+ 43. Rg5 Rxg5+ 44. Kxg5 Rf2 45. Nxc4 bxc4 46. Rb8 Kd7
47. Rb5 Rc2 48. Kf4 Rxc3 49. Kf3 Rd3 50. Rh5 Kd6 51. Ke2 h6 52. h3 Rxd4 53. Kxe3
Rd1 54. Rxh6+ Kc5 55. Rh8 c3 56. Rc8+ Kb4 57. h4 Kb3 58. Rb8+ Ka3 59. Rc8 Kb2
60. Rb8+ Kc1 61. Kf4 Rd4+ 62. Kg5 Rc4 63. Rf8 c2 64. Rf2 Kd1 65. Rxc2 Kxc2 66.
h5 Kd3 67. h6 Ke4 68. h7 Rc8 69. Kf6 Kf4 70. Kg7 Rc7+ 71. Kg6 Rc8 72. Kg7 Kg5
73. h8=Q Rc7+ 74. Kf8 Rc8+ 75. Kg7 Rxh8 76. Kxh8 1/2-1/2

[Event "35th Zalakaros Open 2016"]
[Site "Zalakaros HUN"]
[Date "2016.05.29"]
[Round "3.15"]
[White "Horvath, Jozsef1"]
[Black "Raja, Harshit"]
[Result "1-0"]
[WhiteTitle "GM"]
[WhiteElo "2528"]
[BlackElo "2329"]
[WhiteFideId "700061"]
[BlackFideId "5089000"]
[EventDate "2016.05.27"]

1. d4 d5 2. c4 c6 3. Nf3 Nf6 4. g3 g6 5. cxd5 cxd5 6. Bg2 Bg7 7. Nc3 O-O 8. Ne5
Ng4 9. Nxd5 Nxe5 10. dxe5 Bxe5 11. Bg5 Nc6 12. O-O Bxb2 13. Rb1 Bg7 14. Nxe7+
Nxe7 15. Qxd8 Rxd8 16. Bxe7 Rd2 17. Rfd1 Rxd1+ 18. Rxd1 Bg4 19. Bxb7 Bxe2 20.
Rd2 Rb8 21. Rxe2 Rxb7 22. Bc5 Bc3 23. Re3 Ba5 24. Re8+ Kg7 25. Bd4+ f6 26. Re6
Bb6 27. Bxf6+ Kf7 28. Rc6 Rd7 29. Bg5 Rd5 30. h4 Rb5 31. Rf6+ Kg7 32. Rd6 Rf5
33. Rd7+ Kg8 34. Rd2 Kg7 35. Kg2 h6 36. Bf4 g5 37. hxg5 hxg5 38. Bd6 Kg6 39. g4
Rf7 40. Be5 Re7 41. Rd6+ Kh7 42. Rd5 Kg6 43. a4 Bc7 44. Bd4 Re4 45. f3 Re2+ 46.
Kf1 Rd2 47. Ke1 Bf4 48. Rd6+ Kf7 49. Rf6+ Ke7 50. Rxf4 1-0

[Event "35th Zalakaros Open 2016"]
[Site "Zalakaros HUN"]
[Date "2016.05.29"]
[Round "3.16"]
[White "Skuhala, Jernej"]
[Black "Horvath, Adam1"]
[Result "0-1"]
[BlackTitle "GM"]
[WhiteElo "2142"]
[BlackElo "2515"]
[WhiteFideId "14605651"]
[BlackFideId "708003"]
[EventDate "2016.05.27"]

1. e4 c5 2. Nf3 e6 3. d4 cxd4 4. Nxd4 Nc6 5. Nc3 Qc7 6. Be3 a6 7. Qd2 Nf6 8. f4
Bb4 9. Bd3 Ng4 10. Nxc6 bxc6 11. Bd4 c5 12. Bg1 Bb7 13. a3 Ba5 14. h3 Nf6 15. e5
Nd5 16. b4 cxb4 17. Nxd5 Bxd5 18. axb4 Bb6 19. Rc1 Bxg1 20. Rxg1 Qb6 21. Ke2 O-O
22. c4 Bc6 23. c5 Qb7 24. Kf2 f6 25. Kg3 fxe5 26. fxe5 a5 27. bxa5 Qc7 28. Qe3
Rxa5 29. Rgf1 Rf6 30. Bb1 Rb5 31. Bc2 Rb2 32. Rf2 Rxf2 33. Kxf2 Ba4 34. Qc3
Rxc2+ 35. Rxc2 Bxc2 36. Qxc2 Qxe5 37. Qc4 Qb2+ 38. Kg3 Qd2 39. Kf3 Kf7 40. Qb5
Qd5+ 41. Kf2 Kg6 42. Qb4 h5 0-1

[Event "35th Zalakaros Open 2016"]
[Site "Zalakaros HUN"]
[Date "2016.05.29"]
[Round "3.17"]
[White "Harika, Dronavalli"]
[Black "Kulon, Klaudia"]
[Result "1-0"]
[WhiteTitle "GM"]
[BlackTitle "WGM"]
[WhiteElo "2514"]
[BlackElo "2304"]
[WhiteFideId "5015197"]
[BlackFideId "1131044"]
[EventDate "2016.05.27"]

1. c4 Nf6 2. Nc3 g6 3. e4 d6 4. d4 Bg7 5. h3 O-O 6. Be3 Na6 7. Nf3 e5 8. dxe5
dxe5 9. Qc2 c6 10. a3 Nh5 11. b4 Qe7 12. c5 Nc7 13. Bc4 Be6 14. Ne2 Nf4 15. O-O
Bxc4 16. Qxc4 Qe6 17. Qc2 Nxe2+ 18. Qxe2 a5 19. Nd2 f5 20. f3 Nb5 21. Qc4 Qxc4
22. Nxc4 axb4 23. axb4 fxe4 24. Rxa8 Rxa8 25. fxe4 Ra4 26. Bd2 Ra2 27. Rd1 Ra7
28. Be3 Nd4 29. Kf1 Ra4 30. Nxe5 Ne6 31. Nd3 Ra3 32. Ke2 Rb3 33. e5 Nc7 34. Ra1
Nd5 35. Bd2 Kf7 36. Ra8 h5 37. Rb8 Ke6 38. Rg8 Kf7 39. Rb8 Ke6 40. Rg8 Kf7 41.
Rd8 Ke6 42. g4 hxg4 43. hxg4 g5 44. Rd6+ Ke7 45. Bxg5+ Kf7 46. e6+ Kg6 47. e7+
Kf7 48. Re6 Nc7 49. Rd6 Nd5 50. Rd7 Bf6 51. Rxd5 1-0

[Event "35th Zalakaros Open 2016"]
[Site "Zalakaros HUN"]
[Date "2016.05.29"]
[Round "3.18"]
[White "Mihok, Oliver"]
[Black "Gyurkovics, Bence Dr."]
[Result "1-0"]
[WhiteTitle "GM"]
[WhiteElo "2498"]
[BlackElo "2233"]
[WhiteFideId "728012"]
[BlackFideId "731927"]
[EventDate "2016.05.27"]

1. d4 Nf6 2. Nc3 d5 3. Bg5 Nbd7 4. Nf3 c6 5. Qd3 Qa5 6. Bd2 Qc7 7. e4 dxe4 8.
Nxe4 Nxe4 9. Qxe4 Nf6 10. Qe5 Qxe5+ 11. dxe5 Nd5 12. Be2 Bg4 13. h3 Bxf3 14.
Bxf3 e6 15. Ke2 Bc5 16. c3 a5 17. Rad1 h6 18. Be4 O-O 19. Bc1 f5 20. exf6 Rxf6
21. f3 Re8 22. g3 a4 23. c4 a3 24. Rd3 Nb4 25. Rxa3 Bd4 26. Rd1 e5 27. Be3 c5
28. Ra7 Rb6 29. b3 Rb8 30. Bc1 Kf8 31. h4 Kg8 32. g4 Nc6 33. Ra4 Nb4 34. h5 Ra6
35. Rxa6 bxa6 36. Bb1 Kf7 37. g5 hxg5 38. Bxg5 Ke6 39. Rh1 Rh8 40. a3 Nc6 41.
Be4 Kd6 42. h6 gxh6 43. Bf6 Rg8 44. Rxh6 Nb8 45. f4 Kc7 46. Rh7+ Kb6 47. Rb7+
Ka5 48. fxe5 1-0